000 00296nam a22001337a 4500
008 170822b xxu||||| |||| 00| 0 eng d
020 _a9780521259163
041 _aeng
080 _a51
100 _a38
101 _aMAT
245 _aCOMMUTATIVE RING THEORY
_cMATSUMURA.H
942 _2udc
_cBK
999 _c24495
_d24495